00358nam a2200157Ia 45000010006000000050017000060080041000230410008000640820013000721000024000852450037001092600009001463000029001556500008001846540008001921012820260306161809.0260306t2003||||xx |||||||||||||| ||spa|| aESP a901bD92 aD ors, EugenioeAUT 0aLa civilización en la historia c2003 a2016 páginas :c18 cm. aGEN aCHU